000 00438nam a2200157Ia 4500
005 20250620015904.0
008 240331s9999 xx 000 0 und d
020 _a9555532605
082 _bGAM
_a323
100 _aGamage,S.I
245 0 _alokaye pedara aandukrama saha lankawe pedaral neethiya
260 _c2003
300 _a179 p .,
500 _aThe federal systems in the world and the fear of federalism in Sri Lanka
942 _cL
999 _c5020
_d5020